[Event "Heusenstamm Schloss op"]
[Site "Heusenstamm"]
[Date "2022.11.19"]
[Round "5"]
[White "Dolzhikova, Kateryna"]
[Black "Rosenberger, Frank"]
[Result "1-0"]
[WhiteElo "2204"]
[BlackElo "2033"]
[PlyCount "37"]
[EventDate "2022.11.17"]
[EventType "swiss"]
[EventRounds "7"]
[EventCountry "GER"]
[SourceTitle "CBM 211 Extra"]
[Source "ChessBase"]
[SourceDate "2023.01.31"]
[SourceVersion "1"]
[SourceVersionDate "2023.01.31"]
[SourceQuality "1"]

1. e4 e6 2. d4 d5 3. exd5 exd5 4. Nf3 Bg4 5. h3 Bh5 6. Qe2+ Qe7 7. Be3 Nc6 8. g4 Bg6 9. Nc3 0-0-0 10. 0-0-0 Nf6 11. Ne5 Nb4 12. a3 Bxc2 13. axb4 Bxd1 14. Qxd1 Ne4 15. Qa4 f6 16. Nc6 bxc6 17. Qxc6 Qxb4 18. Ba6+ Kb8 19. Nxd5 1-0

[Event "Rhein Main op-A 21st"]
[Site "Bad Homburg"]
[Date "2018.06.03"]
[Round "7"]
[White "Rosenberger, Frank"]
[Black "Stuhlmann, Felix"]
[Result "1-0"]
[WhiteElo "2075"]
[BlackElo "1648"]
[PlyCount "57"]
[EventDate "2018.05.30"]
[EventType "swiss"]
[EventRounds "7"]
[EventCountry "GER"]
[SourceTitle "EXT 2019"]
[Source "ChessBase"]
[SourceDate "2018.10.10"]
[SourceVersion "1"]
[SourceVersionDate "2018.10.10"]
[SourceQuality "1"]

1. e4 e5 2. Nf3 Nc6 3. d4 exd4 4. Nxd4 Bc5 5. Nb3 Bb6 6. Nc3 d6 7. Qe2 a6 8. Be3 Bxe3 9. Qxe3 Nf6 10. h3 0-0 11. 0-0-0 Re8 12. f4 Qe7 13. Bd3 b5 14. a3 b4 15. axb4 Nxb4 16. Rhe1 Nfd5 17. Nxd5 Nxd5 18. Qd2 Nb6 19. e5 Bd7 20. Be4 Rab8 21. exd6 Qxd6 22. Qxd6 cxd6 23. Rxd6 Kf8 24. Rdd1 f5 25. Nc5 Bc8 26. Bc6 Rxe1 27. Rxe1 Nc4 28. Re8+ Kf7 29. Nxa6 1-0

[Event "Rhein Main op-A 21st"]
[Site "Bad Homburg"]
[Date "2018.05.31"]
[Round "2"]
[White "Laux, Dominik"]
[Black "Rosenberger, Frank"]
[Result "1-0"]
[WhiteElo "1877"]
[BlackElo "2075"]
[PlyCount "81"]
[EventDate "2018.05.30"]
[EventType "swiss"]
[EventRounds "7"]
[EventCountry "GER"]
[SourceTitle "EXT 2019"]
[Source "ChessBase"]
[SourceDate "2018.10.10"]
[SourceVersion "1"]
[SourceVersionDate "2018.10.10"]
[SourceQuality "1"]

1. d4 d5 2. Bf4 c6 3. e3 Bf5 4. c4 e6 5. Nc3 Bd6 6. Bxd6 Qxd6 7. Qb3 Nd7 8. Nf3 h6 9. Be2 Ngf6 10. Qxb7 Rb8 11. Qxa7 Qb4 12. 0-0 0-0 13. cxd5 Ra8 14. Qc7 Rfc8 15. Qf4 cxd5 16. Ne5 Qxb2 17. Nxd7 Nxd7 18. Nxd5 Qxe2 19. Ne7+ Kh8 20. Nxc8 Rxc8 21. a4 Nf6 22. a5 Bd3 23. Rfe1 Qd2 24. Red1 Qe2 25. Qf3 Qb2 26. a6 Be4 27. Qf4 Ra8 28. Qc7 Ng4 29. Qg3 Nf6 30. f3 Bc2 31. Qf2 Qb3 32. Rdc1 Bd3 33. a7 Qb6 34. Qd2 Bg6 35. Qa5 Qb3 36. Rc3 Qb2 37. Qa3 Qb7 38. Rb3 Qc7 39. Qc5 Qd8 40. Qc6 Kh7 41. Qxa8 1-0

[Event "Pfalz op-A 9th"]
[Site "Neustadt an der Weinstrasse"]
[Date "2018.02.09"]
[Round "1"]
[White "Rosenberger, Frank"]
[Black "Meskovs, Nikita"]
[Result "0-1"]
[WhiteElo "2095"]
[BlackElo "2546"]
[PlyCount "94"]
[EventDate "2018.02.09"]
[EventType "swiss"]
[EventRounds "9"]
[EventCountry "GER"]
[SourceTitle "CBM 182 Extra"]
[Source "ChessBase"]
[SourceDate "2018.02.23"]
[SourceVersion "1"]
[SourceVersionDate "2018.02.23"]
[SourceQuality "1"]

1. e4 c5 2. Nf3 e6 3. Nc3 Nc6 4. d4 cxd4 5. Nxd4 Qc7 6. Be2 a6 7. 0-0 Nf6 8. Be3 Bb4 9. Na4 Be7 10. Nxc6 bxc6 11. Nb6 Rb8 12. Nxc8 Qxc8 13. e5 Nd5 14. Bc1 Bc5 15. c4 Ne7 16. Kh1 Qc7 17. f4 h5 18. Bd3 g6 19. Qe2 h4 20. Rf3 Bd4 21. Rb1 d6 22. exd6 Qxd6 23. Be3 Bxe3 24. Qxe3 Rh5 25. b3 c5 26. Rbf1 Rd8 27. h3 Qd4 28. Qe2 Kf8 29. Be4 Nf5 30. Bxf5 Rxf5 31. Qe1 Qf6 32. Qa5 Rd6 33. Qc7 Qd4 34. a3 Kg7 35. Qb8 Rd7 36. Qa8 Qd6 37. Qe4 Qd2 38. Qc6 a5 39. Qb5 Rd3 40. Qb8 Rxf3 41. Rxf3 e5 42. Qe8 exf4 43. Qe7 g5 44. Qe4 Qd7 45. Kh2 Qe6 46. Qa8 Qe1 47. Qc8 Re5 0-1

[Event "Heusenstamm Sparkassen op-A 4th"]
[Site "Heusenstamm"]
[Date "2017.11.24"]
[Round "3"]
[White "Enchev, Ivajlo"]
[Black "Rosenberger, Frank"]
[Result "1-0"]
[WhiteElo "2490"]
[BlackElo "2141"]
[PlyCount "89"]
[EventDate "2017.11.23"]
[EventType "swiss"]
[EventRounds "7"]
[EventCountry "GER"]
[SourceTitle "EXT 2019"]
[Source "ChessBase"]
[SourceDate "2018.10.10"]
[SourceVersion "1"]
[SourceVersionDate "2018.10.10"]
[SourceQuality "1"]

1. d4 d5 2. Nf3 c6 3. Bf4 Bf5 4. e3 e6 5. c4 Bd6 6. Bg3 Bxg3 7. hxg3 Qb6 8. Qb3 h6 9. Nc3 Qxb3 10. axb3 Nd7 11. b4 dxc4 12. e4 Bg6 13. Bxc4 Nb6 14. Ne5 Ne7 15. Bb3 a6 16. Ke2 0-0-0 17. Ke3 Rhf8 18. f4 Kb8 19. g4 f5 20. Bxe6 fxe4 21. f5 Be8 22. Kxe4 Ned5 23. Nxd5 cxd5+ 24. Ke3 Bd7 25. Nxd7+ Nxd7 26. Kf4 Nf6 27. Rhe1 Rd6 28. b5 axb5 29. g5 hxg5+ 30. Kxg5 Ne8 31. Ra3 Rf6 32. Bf7 Nc7 33. Bg6 Rd7 34. Rae3 Ka7 35. Re7 Rfd6 36. Bf7 b4 37. Rxd7 Rxd7 38. Kg6 Nb5 39. Be8 Rd6+ 40. Re6 Rxe6+ 41. fxe6 Nxd4 42. e7 Ne6 43. Bd7 Nc7 44. e8Q Nxe8 45. Bxe8 1-0

[Event "Oberliga Ost-B 1718"]
[Site "Germany"]
[Date "2017.11.11"]
[Round "2.6"]
[White "Olesiak, Marcin"]
[Black "Rosenberger, Frank"]
[Result "1-0"]
[WhiteElo "2076"]
[BlackElo "2110"]
[PlyCount "69"]
[EventDate "2017.10.22"]
[EventType "team-tourn"]
[EventRounds "11"]
[EventCountry "GER"]
[SourceTitle "EXT 2019"]
[Source "ChessBase"]
[SourceDate "2018.10.10"]
[SourceVersion "1"]
[SourceVersionDate "2018.10.10"]
[SourceQuality "1"]
[WhiteTeam "Oberursel"]
[BlackTeam "Gernsheim"]
[WhiteTeamCountry "GER"]
[BlackTeamCountry "GER"]

1. d4 d5 2. Nf3 c6 3. c4 e6 4. g3 Nf6 5. Bg2 Bd6 6. 0-0 Nbd7 7. Qc2 0-0 8. Rd1 Qe7 9. b3 Re8 10. Nc3 dxc4 11. bxc4 e5 12. Nh4 g6 13. d5 cxd5 14. Nxd5 Nxd5 15. Bxd5 Nf8 16. Qd2 Ba3 17. Bxa3 Qxa3 18. Rab1 Rb8 19. Nf3 Qe7 20. Qh6 Be6 21. Nxe5 Bxd5 22. Rxd5 Red8 23. Rbd1 Rxd5 24. Rxd5 b5 25. Nc6 Qxe2 26. Nxb8 Qe1+ 27. Kg2 Qe4+ 28. Kg1 Qe1+ 29. Kg2 Qe4+ 30. Kh3 Qe6+ 31. g4 f5 32. Rd8 fxg4+ 33. Kg3 Qe5+ 34. Qf4 Qc3+ 35. Kg2 1-0